| 000 | 01321nam a2200349 i 4500 | ||
|---|---|---|---|
| 001 | 150767 | ||
| 003 | ES-MaACL | ||
| 005 | 20260429121731.0 | ||
| 007 | t| | ||
| 008 | 071108s2007 sp ac |||| |cspa d | ||
| 020 | _a978-84-930992-4-4 | ||
| 080 | _a929(460)"19/20" | ||
| 080 | _a061.21(460.27M)Ateneo(091) | ||
| 245 | 0 | 0 |
_aAteneístas ilustres II / _ceditores, Alejandro R. Díez Torre, Isabelo Herreros, Daniel Pacheco, Alejandro Sanz. |
| 250 | _a1ª ed. | ||
| 260 |
_aMadrid : _bAteneo Científico, Literario y Artístico de Madrid, _c2007. |
||
| 300 |
_a765 p. : _bil. ; _c25 cm. |
||
| 500 | _aConferencias de las segundas jornadas sobre "Ateneístas ilustres", que se celebraron en el Ateneo de Madrid del 2 al 16 de noviembre de 2005. | ||
| 610 | 2 | 4 |
_aAteneo de Madrid- _vHistoria _91925 |
| 610 | 2 | 4 |
_aAteneo de Madrid- _vConferencias- _y2000- _9168597 |
| 610 | 2 | 4 |
_aAteneo de Madrid- _xPersonajes _91931 |
| 650 | 4 |
_aIntelectuales- _zEspaña- _xBiografías. _913852 |
|
| 700 | 1 |
_aDíez Torre, Alejandro R. _944776 |
|
| 700 | 1 |
_aSanz, Alejandro, _d1967- _9103558 |
|
| 700 | 1 |
_aPacheco Fernández, Daniel _988132 |
|
| 700 | 1 |
_aHerreros, Isabelo, _d1953- _963354 |
|
| 710 | 2 |
_aAteneo de Madrid. _91875 |
|
| 852 |
_aES-MaACL _jN-1899 |
||
| 852 |
_aES-MaACL _jN-1898 |
||
| 942 |
_n0 _2udc |
||
| 999 |
_c150767 _d150767 |
||